O livro da selva (Registo nº 52264)

Detalhes MARC
000 -Etiqueta do registo
campo de controlo de comprimento fixo 006450000a22002050004500
001 - Identificador do registo
Campo de controlo 52264
100 ## - Dados Gerais de Proc.
Dados gerais de processamento 20160930d2016 k y0pory5003 ba
101 0# - Língua da publicação
Língua do texto, banda sonora, etc. Português
102 ## - País de Publicação
País de publicação Portugal
200 1# - Título
Título próprio O livro da selva
Outras menções de responsabilidade rev. Elsa Magalhães
Primeira menção de responsabilidade trad. Manuela Cordeiro
210 ## - Publicação, Distribuição
Lugar da edição, distribuição, etc. Rio de Mouro
Nome do editor, distribuidor, etc. Girassol
Data da publicação, distribuição, etc. [19--?]
215 ## - Descrição física
Descrição física 92, [3] p.
Outras indicações físicas todo il.
606 ## - Nome comum
Koha Internal code 2081
Elemento de entrada Literatura estrangeira
Subdivisão de assunto Conto
675 ## - CDU
Notação 82-34
Edição BN
Língua da edição Português
702 #1 - Responsabilidade secundária
Koha Internal Code 15031
Código de função Tradutor
Palavra de ordem Cordeiro
Outra parte do nome Manuela
702 ## - Responsabilidade secundária
Koha Internal Code 29204
Código de função Revisor
Palavra de ordem Magalhães
Outra parte do nome Elsa
801 ## - Fonte de origem
País Portugal
Data da última transacção 20160930
090 ## - Números de controlo do sistema (Koha)
Número biblioitem do Koha (gerado automaticamente) 52264
942 ## - Elementos de entrada adicionados (Koha)
Tipo de item no Koha Monografias
Suprimido Disponível no OPAC
999 ## - Campo local
Campo local 52264
Exemplares
Perdido (estado) Data de aquisição Origem do registo (biblioteca) (codificado) Código da organização que empresta ou é detentora (biblioteca) Código de barras Cota Tipo de circulação (não pode ser emprestado) Tipo de item e material
Disponível 2016-09-30 Biblioteca EB23 D. Paio Peres Correia Biblioteca EB23 D. Paio Peres Correia BEBDPPC7919 82-34 COR Normal Monografias